Η πολιτική οικονομία των διεθνών σχέσεων
Saved in:
| Main Author: | |
|---|---|
| Other Authors: | , , |
| Format: | Book |
| Language: | Greek English |
| Published: |
Αθήνα :
Gutenberg,
2000.
|
| Subjects: | |
| Tags: |
Add Tag
No Tags, Be the first to tag this record!
|
MARC
| LEADER | 00000cam a2200000 i 4500 | ||
|---|---|---|---|
| 001 | 1/74999 | ||
| 008 | 050411s2000 gr | ||| |||| ||gre|| | ||
| 020 | |a 9600105561 |q (τ. 1) | ||
| 020 | |a 9600106134 |q (τ. 2) | ||
| 035 | |l 10077579 | ||
| 040 | |a GR-MY-UA |b gre |e aacr | ||
| 041 | 1 | |a gre |h eng | |
| 082 | 7 | |a 337 |2 (21) | |
| 100 | 1 | |a Gilpin, Robert. | |
| 245 | 1 | 2 | |a Η πολιτική οικονομία των διεθνών σχέσεων / |c Robert Gilpin ; μετάφραση: Νικηφόρος Σταματάκης ; επιμέλεια: Διονύσης Γράβαρης, Κάτια Φωτεινοπούλου. |
| 260 | |a Αθήνα : |b Gutenberg, |c 2000. | ||
| 300 | |a 2 τ. ; |c 24 εκ. | ||
| 650 | 0 | 0 | |a International economic relations. |
| 650 | 0 | 0 | |a Economics |x Politics. |
| 650 | 0 | 0 | |a Commercial policy. |
| 700 | 1 | |a Σταματάκης, Νικηφόρος, |d 1945- |e trl | |
| 700 | 1 | |a Φωτεινοπούλου, Κάτια, |e edtf | |
| 700 | 1 | |a Γράβαρης, Διονύσης Ν. |e edt | |
| 765 | 0 | 8 | |i Μετάφραση του: |t The political economy of international relations / |
| 852 | |a INST |b RHODES |e 20050411 |h 337 GIL |p 005400023578 |q 005400023578 |t BK |y 0 |z τ.2 | ||
| 852 | |a INST |b RHODES |e 20050411 |h 337 GIL |p 005400023590 |q 005400023590 |t BK |y 0 |z τ.2 | ||
| 852 | |a INST |b RHODES |e 20111220 |h 337 GIL |p 005400033886 |q 005400033886 |t BK |y 0 |z τ.1 | ||
| 852 | |a INST |b RHODES |e 20050411 |h 337 GIL |p 005400023578 |q 005400023578 |t BK |v τ.2: |y 0 |z τ.2 | ||
| 852 | |a INST |b RHODES |e 20050411 |h 337 GIL |p 005400023590 |q 005400023590 |t BK |v τ.2: |y 0 |z τ.2 | ||
| 852 | |a INST |b RHODES |e 20111220 |h 337 GIL |p 005400033886 |q 005400033886 |t BK |v τ.1: |y 0 |z τ.1 | ||
| 852 | |a INST |b RHODES |e 20191011 |h 337 GIL |p 005400041206 |q 005400041206 |t BK |v τ.1: |y 0 | ||
| 853 | |a INST |b RHODES |h 337 GIL | ||
| 901 | |a BIBL-1998-1 | ||
| 901 | |a BIBL4-2011-3 | ||
| 920 | |a Εύδοξος |b Επιστροφή |y Ρόδος |z 2019-10 | ||
| 970 | |a ΚΟΖΑ |b ΜΑΡΙΑ |z 2005/04/11 | ||